000 00271nam a22001217a 4500
008 180226b xxu||||| |||| 00| 0 eng d
041 _aeng
080 _a37
100 _a25
101 _aEDU
245 _aFORENSIC SCIENCE FOR HIGH SCHOLL
_cJOHN.F
942 _2udc
_cBK
999 _c43412
_d43412